| 000 | 00641nam a2200193Ia 4500 | ||
|---|---|---|---|
| 003 | GCL | ||
| 008 | 140319s9999 xx 000 0 ara d | ||
| 040 |
_aGCL / _cGCL |
||
| 082 | 0 | 4 |
_a920.72 _bش ش |
| 100 | 1 | _aشيمل، انا مارى | |
| 245 | 1 | 0 |
_aالشرق والغرب : _bحياتى الغرب - شرقية / _cشيمل، انا مارى |
| 700 | 1 | _aعبدالسلام حيدر | |
| 260 |
_aالقاهرة : _bالمجلس الاعلى للثقافة ، _c2004 |
||
| 300 |
_a501 ص ؛ _c24 سم |
||
| 650 | 0 | 4 | _aالمذكرات |
| 650 | 0 | 4 | _aالنساء - تراجم |
| 650 | 0 | 4 | _aانا مارى شيمل |
| 942 |
_2ddc _cBK |
||
| 999 |
_c34384 _d34384 |
||